00599nam a2200169Ia 4500003000900000008004100009040001600050080001500066100001600081245018900097250001200286260004000298300001900338650002600357650002600383700002000409IN-BaIIA211028s9999 xx 000 0 eng d cIIA Library a954bWIL-2 aWilks, Mark 0aHistorical sketches of the south Indian historybfrom the earliest times to the last Muhammadan dynastycMark Wilks and Murray Hammick  a2nd ed. aNew DelhibCosmo Publicationsc1980 alvi, 454-850p. aHistory - South India aSouth India - history aHammick, Murray